|
|
|
|
| LEADER |
00000nam a2200000 i 4500 |
| 001 |
DIGUPERCA0153 |
| 003 |
NyNyDIG |
| 007 |
cr ||||||||||| |
| 008 |
250709s2015 pe a ob 000 0 spa d |
| 006 |
m o d |
| 035 |
|
|
|a (OCoLC)1527822464
|
| 040 |
|
|
|a DGITA
|b eng
|e rda
|e pn
|c DGITA
|
| 020 |
|
|
|a 9786123180348
|q versión pdf
|
| 020 |
|
|
|a 9786123180355
|q versión epub y mobi
|
| 020 |
|
|
|z 9786123180331
|q versión impresa
|
| 050 |
1 |
4 |
|a TK7895.E42 ebook
|
| 100 |
1 |
|
|a Salas Arriarán, Sergio,
|e author.
|
| 245 |
1 |
0 |
|a Todo sobre sistemas embebidos :
|b arquitectura, programación y diseño de aplicaciones prácticas con el PIC18F /
|c Sergio Salas Arriarán.
|
| 250 |
|
|
|a Primera edición.
|
| 250 |
|
|
|a Versión e-book.
|
| 264 |
|
1 |
|a Lima, Perú :
|b Editorial UPC,
|c [2015]
|
| 300 |
|
|
|a 1 online resource :
|b illustrations.
|
| 336 |
|
|
|a text
|b txt
|2 rdacontent
|
| 337 |
|
|
|a computer
|b c
|2 rdamedia
|
| 338 |
|
|
|a online resource
|b cr
|2 rdacarrier
|
| 347 |
|
|
|a text file
|2 rdaft
|
| 347 |
|
|
|b PDF
|
| 347 |
|
|
|b EPUB
|
| 504 |
|
|
|a Includes bibliographical references.
|
| 588 |
0 |
|
|a Online resource; title from ePub title page (Digitalia, viewed July 9, 2025)
|
| 650 |
|
0 |
|a Embedded computer systems.
|
| 791 |
2 |
|
|a Digitalia (Firm),
|e distributor.
|
| 793 |
0 |
|
|g Digitalia eBook Collection:
|a Universidad Peruana de Ciencias Aplicadas
|
| 776 |
0 |
8 |
|i Print version:
|a Salas Arriarán, Sergio.
|t Todo sobre sistemas embebidos.
|b Primera edición.
|d Lima, Perú : Editorial UPC, [2015]
|z 9786123180348
|
| 856 |
4 |
0 |
|3 Digitalia Hispánica
|u https://www.digitaliapublishing.com/a/171480/
|
| 910 |
|
|
|a Premium collection: 2025
|